000 00946cam a22003137a 4500
003 CHAP
005 20220817041140.0
008 971013s1991 r 00010 d
010 _a7453
011 _a8425
035 _a7651
040 _cCHAP
082 _a630.715
_bF3
110 _aFAO
245 0 _aInforme de la consulta mundial sobre extensión agraria
260 _aRoma :
_bFAO,
_c1991
300 _a247 p.
590 _aBATCH-UPD
_b10
_c20130110
_lUCH01
_h0043
590 _aBATCH-UPD
_b10
_c20130110
_lUCH01
_h1916
590 _aBATCH-UPD
_b10
_c20130410
_lUCH01
_h1242
590 _aBATCH-UPD
_b10
_c20130914
_lUCH01
_h1337
590 _aCONVERSION
_b10
_c20130109
_lUCH01
_h1305
650 1 4 _aExtensión agrícola.
_939144
700 0 _aSwanson, Burton E.
_9110862
901 _aBK
942 _cLIBRO
949 _a630.715 F3
_bBC
_cFAO
_d-17480
_eFAO1
_h83382
_i7651
_si
949 _a630.715 F3
_bBC
_cFAO
_d-81523
_eFAO2
_fc.2
_h83383
_i7651
_si
999 _c7453
_d7453